Znany polski Jacek - Statystyki

Ogólne statystyki
  • Ten quiz został rozwiązany 61 razy
  • Średni wynik to 7 z 16
Statystyki odpowiedzi
Obrazkowy Hint Odpowiedź % Poprawnych
prezes TVP w czasach rządów PiS Jacek Kurski
78%
selekcjoner polskiej reprezentacji na MŚ 1978 Jacek Gmoch
71%
lewoskrzydłowy, jeden z najlepszych polskich piłkarzy pierwszej dekady XXI wieku Jacek Krzynówek
71%
śpiewał "Mury" i "Naszą klasę" Jacek Kaczmarski
65%
środkowy obrońca, uczestnik finałów piłkarskich MŚ 2002 i 2006 Jacek Bąk
56%
komentuje mecze piłkarskie w TV Jacek Laskowski
56%
polityk Unii Wolności, kandydat na prezydenta w 1995 roku Jacek Kuroń
55%
autor tekstów piosenek "Wypijmy za błędy", "To nie ja" Jacek Cygan
53%
malarz, autor obrazów "Wigilia na Syberii" i "Błędne koło" Jacek Malczewski
40%
mistrz olimpijski w skoku wzwyż z 1976 roku Jacek Wszoła
40%
zagrał główną rolę w filmie "Kingsajz" Juliusza Machulskiego Jacek Chmielnik
35%
skrzydłowy, Piłkarz Roku 1990 w plebiscycie tygodnika "Piłka Nożna" Jacek Ziober
29%
prezydent Poznania od 2014 roku Jacek Jaśkowiak
25%
prawicowy polityk, kandydował w wyborach prezydenckich w 2015 roku Jacek Wilk
20%
pisarz science-fiction, autor powieści "Lód" Jacek Dukaj
15%
podróżnik, odkrywca źródeł Amazonki Jacek Pałkiewicz
9%
Nie znaleziono quizów pasujących do podanych kryteriów
Rozkład punktacji
Procent ludzi z każdym wynikiem
Percentyl według liczby udzielonych odpowiedzi
Twoja historia wyników
Nie rozwiązałeś tego quizu